LEADER 02862nas 2200793-a 450 001 9910145460103321 005 20260331105946.0 011 $a1875-8320 035 $a(DE-599)ZDB2015072-6 035 $a(CKB)954925480599 035 $a(CONSER)---97660535- 035 $a(EXLCZ)99954925480599 100 $a20760423a19639999 --- a 101 0 $aeng 181 $ctxt$2rdacontent 182 $cc$2rdamedia 183 $acr$2rdacarrier 200 00$aCommon market law review 210 31$aSouth Holland, the Netherlands :$cKluwer Law International BV 210 1$aLondon :$cStevens ;$aSouth Hackensack, N.J. :$cF.B. Rothman & Co.,$d1963- 215 $a1 online resource 300 $aRefereed/Peer-reviewed 300 $aImprint varies: Alphen aan den Rijn, The Netherlands : Sijthoff & Noordhoff, ; Dordrecht : M. Nijhoff, ; Dordrecht; Norwell, MA : Kluwer Law International, 300 $aTitle from cover. 311 08$aPrint version: Common market law review. 0165-0750 (DLC) 97660535 (OCoLC)2133371 531 00$aCOMMON MKT LAW REV 531 00$aCMLREV 531 00$aCOMMON MARK. LAW REV 531 00$aCommon mark. law rev. 606 $aLaw$zEuropean Economic Community countries$vPeriodicals 606 $aLaw$zEuropean Union countries$vPeriodicals 606 $aGouvernement d'entreprise$vPériodiques 606 $aCulture d'entreprise$vPériodiques 606 $aEfficacité organisationnelle$vPériodiques 606 $aUE/CE Etats membres$2eclas 606 $aPublications périodiques$2eclas 606 $aUE/CE Droit$2eclas 606 $aLaw$2fast$3(OCoLC)fst00993678 606 $aEuropees recht$2gtt 606 $aLaw$zEuropean Economic Community countries$vPeriodicals$2nli 606 $aEuropäische Wirtschafts- und Währungsunion$2stw 606 $aEU-Wirtschaftsrecht$2stw 606 $aEU-Staaten$2stw 607 $aEuropean Economic Community countries$2fast 608 $aPeriodicals.$2fast 608 $aPeriodicals.$2lcgft 615 0$aLaw 615 0$aLaw 615 6$aGouvernement d'entreprise 615 6$aCulture d'entreprise 615 6$aEfficacité organisationnelle 615 7$aUE/CE Etats membres. 615 7$aPublications périodiques. 615 7$aUE/CE Droit. 615 7$aLaw. 615 17$aEuropees recht. 615 7$aLaw 615 7$aEuropäische Wirtschafts- und Währungsunion. 615 7$aEU-Wirtschaftsrecht. 615 7$aEU-Staaten. 676 $a349.4/05 676 $a344.005 712 02$aBritish Institute of International and Comparative Law. 712 02$aRijksuniversiteit te Leiden.$bEuropa Instituut. 906 $aJOURNAL 912 $a9910145460103321 920 $aexl_impl conversion 996 $aCommon market law review$9797216 997 $aUNINA LEADER 04972oam 2201129 c 450 001 9910513697603321 005 20260408080230.0 010 $a9783839454237 010 $a3839454239 024 3 $a9783839454237 035 $a(CKB)5590000000630332 035 $a(transcript Verlag)9783839454237 035 $a(MiAaPQ)EBC6956234 035 $a(Au-PeEL)EBL6956234 035 $a(DE-B1597)571162 035 $a(DE-B1597)9783839454237 035 $a(oapen)https://directory.doabooks.org/handle/20.500.12854/75030 035 $a(ScCtBLL)40201ca5-3343-416d-ad4a-ce5f892d8586 035 $a(oapen)doab75030 035 $a(EXLCZ)995590000000630332 100 $a20260408d2021 uy 0 101 0 $ager 135 $aurnnunnnannuu 181 $ctxt$2rdacontent 182 $cc$2rdamedia 183 $acr$2rdacarrier 200 14$aDas Gedächtnis der Migrationsgesellschaft$eDOMiD ? Ein Verein schreibt Geschichte(n)$fManuel Gogos 205 $a1st ed. 210 $aBielefeld$ctranscript Verlag$d2021 215 $a1 online resource (272 p.)$c2059 MB durchga?ngig vierfarbig 225 0 $aEdition Museum 311 08$a9783837654233 311 08$a3837654230 327 $aCover -- Grußwort -- Vorwort -- Inhalt -- Point of Departure -- Die Gründungsphase -- Die Reifeprüfung -- Ins Zentrum der Aufmerksamkeit -- Das Projekt Migration I - Erweiterte Feldforschung -- Das Projekt Migration II - Erweiterte Ausstellungspraxis -- Die Forderung nach einem Migrationsmuseum -- Professionalisierung oder: Auf dem Weg zur öffentlichen Institution -- Die nächste Generation -- Für eine erweiterte Sammlungspolitik -- DOMiD als begehbarer Lernort: Die Öffnung nach außen -- Refugee Stories Collection: DOMiD und die sogenannte Flüchtlingskrise -- Das virtuelle Migrationsmuseum -- Raus auf die Straße! - DOMiD schwärmt aus -- Der Durchbruch zum Migrationsmuseum -- Danksagung DOMiD-Vorstand. 330 $aDas Leben in der Bundesrepublik Deutschland wird von Millionen Migrant*innen mitgeprägt. Lange blieb ihre Geschichte ungeschrieben, doch 1990 begannen die aus der Türkei stammenden Pionier*innen des »Dokumentationszentrums und Museums über die Migration in Deutschland e.V.« (DOMiD) damit, alltagskulturelle Objekte aus der Ära der so genannten »Gastarbeiter*innen« zusammenzutragen und in Ausstellungen zu präsentieren.Heute umfasst die Sammlung über 150.000 Zeitzeugnisse aus der Migrationsgeschichte Deutschlands seit 1945 bis heute. Unzählige unerzählte Geschichten multipler Migrationen knüpfen sich daran.Das Buch zeichnet die Geschichte des Vereins nach. 330 1 $aBesprochen in:MAKING History, 13 (2021)Überblick, 4 (2021) H-Soz-Kult, 11.03.2022, Andreas LudwigDas Archiv, 3 (2022), Heike LauerKulturpolitische Mitteilungen, 178/3 (2022), Franz Kröger 410 0$aEdition Museum 517 2 $aGogos, Das Gedächtnis der Migrationsgesellschaft$eDOMiD ? Ein Verein schreibt Geschichte(n) 606 $aMigration 606 $aMuseum 606 $aArchiv 606 $aArchive 606 $aMigrationsgesellschaft 606 $aMigration Society 606 $aMigrationsgeschichte 606 $aMigration History 606 $aMuseum of Migration 606 $aMigrationsmuseum 606 $aErinnerungskultur 606 $aMemory Culture 606 $aEinwanderungsgesellschaft 606 $aImmigration Society 606 $aDiversity 606 $aVielfalt 606 $aPublic History 606 $aZeitgeschichte 606 $aContemporary History 606 $aZivilgesellschaft 606 $aCivil Society 606 $aDemokratie 606 $aDemocracy 606 $aGeschichtswissenschaft 606 $aHistory 615 4$aMigration 615 4$aMuseum 615 4$aArchiv 615 4$aArchive 615 4$aMigrationsgesellschaft 615 4$aMigration Society 615 4$aMigrationsgeschichte 615 4$aMigration History 615 4$aMuseum of Migration 615 4$aMigrationsmuseum 615 4$aErinnerungskultur 615 4$aMemory Culture 615 4$aEinwanderungsgesellschaft 615 4$aImmigration Society 615 4$aDiversity 615 4$aVielfalt 615 4$aPublic History 615 4$aZeitgeschichte 615 4$aContemporary History 615 4$aZivilgesellschaft 615 4$aCivil Society 615 4$aDemokratie 615 4$aDemocracy 615 4$aGeschichtswissenschaft 615 4$aHistory 676 $a306.09 700 $aGogos$b Manuel$p

Manuel Gogos, Dokumentationszentrum und Museum über die Migration in Deutschland e.V., Deutschland

$4aut$01204747 712 02$aDOMiD e.V.$4fnd$4http://id.loc.gov/vocabulary/relators/fnd 801 0$btranscript Verlag 801 1$btranscript Verlag 906 $aBOOK 912 $a9910513697603321 996 $aDas Geda?chtnis der Migrationsgesellschaft$92780450 997 $aUNINA